000 00692nam a2200241Ia 4500
005 20250425162336.0
008 250425s9999 xx 000 0 und d
020 _a9780309116312
041 _aeng
082 _a338
100 _aNATIONAL, ACADEMY OF SCIENCE
245 0 _aINNOVATION IN GLOBAL INDUSTRIES U.S FIRMS COMPETING IN A NEW WORLD
250 _aS.E.
260 _aEstados Unidos
_bTHE NATIONAL ACADEMIES PRESS
_c2008
260 _aWASHINGTON
300 _a372
500 _aJEFFREY T. MACHER AND DAVI C. MOWERY, EDITORS
650 _aINDUSTRIAS
650 _aINNOVACIONES TIPO PRODUCTOR
710 _aTHE NATIONAL ACADEMIES PRESS
942 _c01
010 _a64114
999 _c227257
_d227257